000 00799nam a2200229 a 4500
005 20210223130753.0
008 081103s1981 mx r 000 0 spa d
035 _aUPN01000164775
049 _aUNE
080 _a372.3: 297 ELS No.86.
100 1 _aEl-Sayed Darwish, Kamal
245 1 0 _aDeveloping Koranic schools to meet the educational needs of the young child /
_bby Kamal El-Sayed Darwish.
260 _aParís :
_bUNESCO ;
_aNew York :
_bUNICEF,
_c1981.
300 _a11 p.
440 0 _aNotes, comments... ;
_v86
690 _aEducacion preescolar - Desarrollo de los curriculos
690 _aEducacion religiosa - Desarrollo de los curriculos
690 _aIslam - Educacion preescolar
710 2 _aUNICEF
_924085
710 2 _aPrograma de Alimentación Mundial
905 _aUNESCO
999 _c136887
_d136887